000 00677nam a2200229 a 4500
999 _c1436
_d1436
001 1436
003 BD-JhCC
005 20171019114538.0
008 171019s2005 bg |||| ||a| 000 0 ben d
020 _a9844125603
035 _a(BD-JhCC)1436
040 _aBD-JhCC
_dBD-JhCC
041 _aben
082 _a304.28
_bPAL 2005
100 _aপাল, নিশীথ কুমার
245 _aপ্রকৃতি পরিবেশ ও মানুষ /
_cনিশীথ কুমার পাল
260 _aঢাকা :
_bঅনন্যা,
_c2005.
300 _a331 p. ;
_c22 cm.
650 _aEnvironmental Management
942 _2ddc
_cBK